000 00782nam a2200241 u 4500
005 20241109063730.0
008 091123s2005 r 000 0 eng d
020 _a8497431510
035 _aUPN01000173910
049 _aCG
050 4 _aBD450
_bM3.7
100 1 _aMartínez, Julio
245 1 0 _aRepensar la dignidad humana /
_cJulio Martínez, Catherine Perrotin, Francesc Torralba ; pról. de Monseñor Joan-Enric Vives.
260 _aLleida, Esp. :
_bMilenio,
_c2005.
300 _a193 p.
440 0 _aEnsayo.
_pMilenio ;
_v22
650 4 _aAntropología filosófica
_94784
650 2 _aDignidad
_915329
650 4 _aDerechos humanos
_95797
700 1 _aPerrotin, Catherine,
_ecoaut.
700 1 _aTorralba Roselló, Francesc,
_d1967-
_ecoaut.
_930462
905 _aLibro
999 _c146014
_d146014